000 01034nam a22002177a 4500
003 OSt
005 20260312024812.0
008 260312b |||||||| |||| 00| 0 eng d
020 _a9780064471053
040 _aDWCL GS lib
_cOC
082 _aL673 1994
100 _aC. S. LEWIS
245 _aPrince Caspian: the return to Narnia
_cC.S LEWIS
260 _aNew York
_bC.S. LEWIS
_c1994
300 _a238 p
_billustrations
_c17cm
520 _athe Pevensie children (Georgie Henley, Skandar Keynes, William Moseley, Anna Popplewell) return to the magical land of Narnia and find that 1300 years have passed there.
650 _areturn to Narnia roughly 1,300 years after their initial rule. The narrative focuses on the overthrow of a Telmarine usurper by the rightful heir.
650 _athe importance of maintaining faith in unseen, higher powers (Aslan) even during dark times, the necessity of courage in the face of insurmountable odds, and the value of humility in leadership.
700 _aC.S. LEWIS
942 _2ddc
_cFIC.
_n0
999 _c9000
_d9000